| 000 | 00806nam a2200205 i 4500 | ||
|---|---|---|---|
| 001 | 43258 | ||
| 003 | ES-MaACL | ||
| 005 | 20230906160748.0 | ||
| 007 | t| | ||
| 008 | 030317s1952 sp ||||1| spa d | ||
| 100 | 1 |
_aCatalá Ruiz, Marcelo. _937015 |
|
| 245 | 1 | 0 |
_aFunción política de la política social : _b[conferencia pronunciada en la Escuela Social de Madrid el día 5 de noviembre de 1951] / _cpor Marcelo Catalá Ruiz. |
| 260 |
_aMadrid : _b[Escuela Social de Madrid], _c1952 ( _fGráf. Barragán) |
||
| 300 |
_a18 p. ; _c24 cm. |
||
| 594 | _aPrecede al tít.: Ministerio de Trabajo. Escuela Social de Madrid. | ||
| 650 | 4 |
_aPolítica social. _916308 |
|
| 651 | 4 |
_aEspaña- _xPolítica social- _y1939-1955. _9163950 |
|
| 710 | 2 |
_aEscuela Social de Madrid. _93593 |
|
| 852 |
_aES-MaACL _j1930-F-23 |
||
| 999 |
_c43258 _d43258 |
||